| 000 | 00379nam a2200145Ia 4500 | ||
|---|---|---|---|
| 008 | 150201s1985 xx 000 0 und d | ||
| 082 |
_a617.06 _bT1985S |
||
| 100 | _aASH,MAJOR.M | ||
| 245 | _aTHE ART & SCIENCE OF OPERATIVE DENTISTRY | ||
| 250 | _a2ND | ||
| 260 |
_bMOSBY _aDELHI _c1985 |
||
| 300 | _a1-588 | ||
| 650 | _aCONSERVATIVE DENTISTRY & ENDODONTICS | ||
| 942 |
_2ddc _cBK _04 |
||
| 999 |
_c2897 _d2897 |
||